Pokémon Moves with the Type Name in Them - Statistics

General Stats
  • This quiz has been taken 382 times
  • The average score is 12 of 13
Answer Stats
Type Answer % Correct
Dragon Dragon Breath | Dragon Claw | Dragon Dance | Dragon Darts | Dragon Energy | Dragon Hammer | Dragon Pulse | Dragon Rage | Dragon Rush | Dragon Tail
99%
Bug Bug Bite | Bug Buzz | Struggle Bug
98%
Fire Fire Blast | Fire Fang | Fire Lash | Fire Pledge | Fire Punch | Fire Spin | G-Max Fireball | G-Max Wildfire | Mystical Fire | Sacred Fire
98%
Rock Accelerock | Max Rockfall | Rock Blast | Rock Polish | Rock Slide | Rock Throw | Rock Tomb | Rock Wrecker | Stealth Rock
97%
Ice Ice Ball | Ice Beam | Ice Burn | Ice Fang | Ice Hammer | Ice Punch | Ice Shard | Ice Spinner
97%
Water Muddy Water | Water Gun | Water Pledge | Water Pulse | Water Shuriken | Water Sport | Water Spout | Waterfall
97%
Psychic Psychic | Psychic Fangs | Psychic Terrain
96%
Poison Cross Poison | Poison Fang | Poison Gas | Poison Jab | Poison Powder | Poison Sting | Poison Tail
95%
Dark Dark Pulse | Dark Void | Darkest Lariat | Max Darkness
94%
Grass Grass Knot | Grass Pledge | Grass Whistle | Grassy Glide | Grassy Terrain
94%
Steel G-Max Steelsurge | Max Steelspike | Steel Beam | Steel Roller | Steel Wing | Sunsteel Strike
90%
Fairy Fairy Lock | Fairy Wind
81%
Electric Electric Terrain
79%
No matching quizzes found
Score Distribution
Percent of People with Each Score
Percentile by Number Answered
Your Score History
You have not taken this quiz